5-Letter Words by Last 3 Letters Quiz Stats

 Plays Quiz Updated Apr 25, 2015

Challenge
Share
Tweet
Embed
Score 0/45 Timer 06:00
8 Plays Today
Hint Answer % Correct
_ _ G R YANGRY
97%
_ _ A V OBRAVO
91.8%
_ _ R L DWORLD
88.1%
_ _ N O YANNOY
86.2%
_ _ E L FSHELF
84.9%
_ _ N J OBANJO
84.2%
_ _ A L PSCALP
84.2%
_ _ K E WASKEW
84.1%
_ _ E M YENEMY
83.9%
_ _ A S KFLASK
83.7%
_ _ I F EKNIFE
82.1%
_ _ C A YDECAY
80.4%
_ _ R N TBURNT
79.3%
_ _ D T HWIDTH
76.8%
_ _ P T HDEPTH
76.4%
_ _ I S PCRISP
76.2%
_ _ P T YEMPTY
75.9%
_ _ O A NGROAN
74.6%
_ _ N O ECANOE
74.1%
_ _ U P TERUPT
72.2%
_ _ U I PEQUIP
71.8%
_ _ O R KSTORK
71.2%
_ _ F L ERIFLE
68.4%
Hint Answer % Correct
_ _ O I RCHOIR
66.6%
_ _ A I MCLAIM
66.4%
_ _ U L YTRULY
59.6%
_ _ D I TAUDIT
59.5%
_ _ O T OPHOTO
58.7%
_ _ J O RMAJOR
58.4%
_ _ C E LEXCEL
57.7%
_ _ N U EVENUE
57.7%
_ _ U A TSQUAT
56.8%
_ _ P I LPUPIL
55.7%
_ _ A U DFRAUD
55%
_ _ A R ATIARA
53.2%
_ _ I E TQUIET
50.6%
_ _ U Z EGAUZE
50.3%
_ _ I G EBEIGE
50%
_ _ I E NALIEN
46.7%
_ _ N E NLINEN
46.7%
_ _ E R AOPERA
45.2%
_ _ H I CETHIC
43.7%
_ _ U R DGOURD
42.6%
_ _ I O RPRIOR
28.3%
_ _ L U EVALUE
25.3%

You're not logged in!

Compare scores with friends on all Sporcle quizzes.
OR
Log In

You Might Also Like...

Show Comments

Extras

Top Quizzes Today


Score Distribution

Your Account Isn't Verified!

In order to create a playlist on Sporcle, you need to verify the email address you used during registration. Go to your Sporcle Settings to finish the process.

Report this User

Report this user for behavior that violates our Community Guidelines.

Details: